[Event "Cap d'Agde Avenir op"]
[Site "Cap d'Agde"]
[Date "2008.10.26"]
[Round "2"]
[White "Kashkin, Vladimir Tichonovic"]
[Black "Bert, Didier"]
[Result "1-0"]
[WhiteElo "1799"]
[BlackElo "1590"]
[PlyCount "53"]
[EventDate "2008.10.25"]
[EventType "swiss"]
[EventRounds "9"]
[EventCountry "FRA"]
[SourceTitle "EXT 2010"]
[Source "ChessBase"]
[SourceDate "2010.11.25"]
[SourceVersion "1"]
[SourceVersionDate "2010.11.25"]
[SourceQuality "1"]

1. e4 e5 2. Nf3 Nc6 3. Bb5 d6 4. c3 Bd7 5. d4 a6 6. Ba4 b5 7. Bc2 exd4 8. cxd4 Bg4 9. Be3 Nf6 10. Nbd2 Be7 11. Rc1 Na5 12. h3 Bh5 13. 0-0 c5 14. d5 Nd7 15. Re1 Ne5 16. g4 Nxf3+ 17. Qxf3 Bg6 18. b3 0-0 19. Nf1 c4 20. b4 Nb7 21. Bd4 Bg5 22. Ra1 Bd2 23. Nxd2 Qg5 24. Nf1 f6 25. Qg3 Nd8 26. h4 Qh6 27. Be3 1-0